000 00427nam a2200169Ia 4500
001 10673
005 20260306161849.0
008 260306t9999||||xx |||||||||||||| ||spa||
041 _aESP
082 _a946.057
_bD88
100 _aDomínguez Ortíz, Antonio
_eAUT
245 0 _aCarlos III y la España de la Ilustración
300 _a232 páginas :
_c22 cm.
650 _aGEN
654 _aCHU
942 _cLIB
_dJUS
_fJUS
_2ddc
_n
999 _c10673
_d10673